Contemporary perspectives on social learning in early childhood education (Record no. 1134)
[ view plain ]
| 000 -LEADER | |
|---|---|
| fixed length control field | 03606cam a2200661 a 4500 |
| 003 - CONTROL NUMBER IDENTIFIER | |
| control field | CaAEU |
| 005 - DATE AND TIME OF LATEST TRANSACTION | |
| control field | 20210624070645.0 |
| 008 - FIXED-LENGTH DATA ELEMENTS--GENERAL INFORMATION | |
| fixed length control field | 100929s2007 ncua ob 000 0 eng d |
| 020 ## - INTERNATIONAL STANDARD BOOK NUMBER | |
| International Standard Book Number | 1593117426 |
| 020 ## - INTERNATIONAL STANDARD BOOK NUMBER | |
| International Standard Book Number | 1593117434 |
| 020 ## - INTERNATIONAL STANDARD BOOK NUMBER | |
| International Standard Book Number | 1607527324 |
| 020 ## - INTERNATIONAL STANDARD BOOK NUMBER | |
| International Standard Book Number | 9781593117429 |
| 020 ## - INTERNATIONAL STANDARD BOOK NUMBER | |
| International Standard Book Number | 9781593117436 |
| 020 ## - INTERNATIONAL STANDARD BOOK NUMBER | |
| International Standard Book Number | 9781607527329 |
| 039 ## - LEVEL OF BIBLIOGRAPHIC CONTROL AND CODING DETAIL [OBSOLETE] | |
| Level of rules in bibliographic description | exclude |
| 040 ## - CATALOGING SOURCE | |
| Transcribing agency | IDEBK |
| 050 #4 - LIBRARY OF CONGRESS CALL NUMBER | |
| Classification number | LC192.4 |
| Item number | .C665 2007 |
| 090 ## - LOCALLY ASSIGNED LC-TYPE CALL NUMBER (OCLC); LOCAL CALL NUMBER (RLIN) | |
| Classification number (OCLC) (R) ; Classification number, CALL (RLIN) (NR) | Internet Access |
| Local cutter number (OCLC) ; Book number/undivided call number, CALL (RLIN) | AEVC |
| 090 ## - LOCALLY ASSIGNED LC-TYPE CALL NUMBER (OCLC); LOCAL CALL NUMBER (RLIN) | |
| Classification number (OCLC) (R) ; Classification number, CALL (RLIN) (NR) | Internet Access |
| Local cutter number (OCLC) ; Book number/undivided call number, CALL (RLIN) | AEC |
| 090 ## - LOCALLY ASSIGNED LC-TYPE CALL NUMBER (OCLC); LOCAL CALL NUMBER (RLIN) | |
| Classification number (OCLC) (R) ; Classification number, CALL (RLIN) (NR) | Internet Access |
| Local cutter number (OCLC) ; Book number/undivided call number, CALL (RLIN) | AEGMCT |
| 090 ## - LOCALLY ASSIGNED LC-TYPE CALL NUMBER (OCLC); LOCAL CALL NUMBER (RLIN) | |
| Classification number (OCLC) (R) ; Classification number, CALL (RLIN) (NR) | Internet Access |
| Local cutter number (OCLC) ; Book number/undivided call number, CALL (RLIN) | AEKC |
| 090 ## - LOCALLY ASSIGNED LC-TYPE CALL NUMBER (OCLC); LOCAL CALL NUMBER (RLIN) | |
| Classification number (OCLC) (R) ; Classification number, CALL (RLIN) (NR) | Internet Access |
| Local cutter number (OCLC) ; Book number/undivided call number, CALL (RLIN) | AEU |
| 090 ## - LOCALLY ASSIGNED LC-TYPE CALL NUMBER (OCLC); LOCAL CALL NUMBER (RLIN) | |
| Classification number (OCLC) (R) ; Classification number, CALL (RLIN) (NR) | Internet Access |
| Local cutter number (OCLC) ; Book number/undivided call number, CALL (RLIN) | AFMK |
| 090 ## - LOCALLY ASSIGNED LC-TYPE CALL NUMBER (OCLC); LOCAL CALL NUMBER (RLIN) | |
| Classification number (OCLC) (R) ; Classification number, CALL (RLIN) (NR) | Internet Access |
| Local cutter number (OCLC) ; Book number/undivided call number, CALL (RLIN) | AGPC |
| 090 ## - LOCALLY ASSIGNED LC-TYPE CALL NUMBER (OCLC); LOCAL CALL NUMBER (RLIN) | |
| Classification number (OCLC) (R) ; Classification number, CALL (RLIN) (NR) | Internet Access |
| Local cutter number (OCLC) ; Book number/undivided call number, CALL (RLIN) | ASAV |
| 090 ## - LOCALLY ASSIGNED LC-TYPE CALL NUMBER (OCLC); LOCAL CALL NUMBER (RLIN) | |
| Classification number (OCLC) (R) ; Classification number, CALL (RLIN) (NR) | Internet Access |
| Local cutter number (OCLC) ; Book number/undivided call number, CALL (RLIN) | AVC |
| 245 00 - TITLE STATEMENT | |
| Title | Contemporary perspectives on social learning in early childhood education |
| Statement of responsibility, etc. | edited by Olivia N. Saracho and Bernard Spodek. |
| 260 ## - PUBLICATION, DISTRIBUTION, ETC. | |
| Place of publication, distribution, etc. | Charlotte, NC : |
| Name of publisher, distributor, etc. | Information Age Pub., |
| Date of publication, distribution, etc. | 2007. |
| 300 ## - PHYSICAL DESCRIPTION | |
| Extent | 1 online resource (xx, 317 p.) : |
| Other physical details | ill. |
| 336 ## - CONTENT TYPE | |
| Content type term | text |
| Content type code | txt |
| Source | rdacontent |
| 337 ## - MEDIA TYPE | |
| Media type term | computer |
| Media type code | c |
| Source | rdamedia |
| 338 ## - CARRIER TYPE | |
| Carrier type term | online resource |
| Carrier type code | cr |
| Source | rdacarrier |
| 504 ## - BIBLIOGRAPHY, ETC. NOTE | |
| Bibliography, etc. note | Includes bibliographical references. |
| 506 ## - RESTRICTIONS ON ACCESS NOTE | |
| Terms governing access | Access restricted to authorized users and institutions. |
| 650 #0 - SUBJECT ADDED ENTRY--TOPICAL TERM | |
| Topical term or geographic name entry element | Child development. |
| 650 #0 - SUBJECT ADDED ENTRY--TOPICAL TERM | |
| Topical term or geographic name entry element | Early childhood education |
| General subdivision | Social aspects. |
| 650 #0 - SUBJECT ADDED ENTRY--TOPICAL TERM | |
| Topical term or geographic name entry element | Social learning. |
| 700 1# - ADDED ENTRY--PERSONAL NAME | |
| Personal name | Saracho, Olivia N. |
| 700 1# - ADDED ENTRY--PERSONAL NAME | |
| Personal name | Spodek, Bernard. |
| 856 40 - ELECTRONIC LOCATION AND ACCESS | |
| Uniform Resource Identifier | https://search.ebscohost.com/login.aspx?direct=true&scope=site&db=e000xna&AN=469823 |
| 856 40 - ELECTRONIC LOCATION AND ACCESS | |
| Uniform Resource Identifier | https://search.ebscohost.com/login.aspx?direct=true&scope=site&db=e000xna&AN=469823 |
| 856 40 - ELECTRONIC LOCATION AND ACCESS | |
| Uniform Resource Identifier | https://search.ebscohost.com/login.aspx?direct=true&scope=site&db=e000xna&AN=469823 |
| 856 40 - ELECTRONIC LOCATION AND ACCESS | |
| Uniform Resource Identifier | https://search.ebscohost.com/login.aspx?direct=true&scope=site&db=e000xna&AN=469823 |
| 856 40 - ELECTRONIC LOCATION AND ACCESS | |
| Uniform Resource Identifier | https://search.ebscohost.com/login.aspx?direct=true&scope=site&db=e000xna&AN=469823 |
| 856 40 - ELECTRONIC LOCATION AND ACCESS | |
| Uniform Resource Identifier | https://search.ebscohost.com/login.aspx?direct=true&scope=site&db=e000xna&AN=469823 |
| 856 40 - ELECTRONIC LOCATION AND ACCESS | |
| Uniform Resource Identifier | https://search.ebscohost.com/login.aspx?direct=true&scope=site&db=e000xna&AN=469823 |
| 856 40 - ELECTRONIC LOCATION AND ACCESS | |
| Uniform Resource Identifier | https://search.ebscohost.com/login.aspx?direct=true&scope=site&db=e000xna&AN=469823 |
| 856 40 - ELECTRONIC LOCATION AND ACCESS | |
| Uniform Resource Identifier | https://search.ebscohost.com/login.aspx?direct=true&scope=site&db=e000xna&AN=469823 |
| 942 ## - ADDED ENTRY ELEMENTS (KOHA) | |
| Source of classification or shelving scheme | |
| Koha item type | Book |
| Suppress in OPAC | JE |
| 949 ## - LOCAL PROCESSING INFORMATION (OCLC) | |
| h | UAIN |
| m | NORQ_MAIN |
| z | EBSCONQAC |
| Withdrawn status | Lost status | Source of classification or shelving scheme | Damaged status | Not for loan | Permanent Location | Current Location | Shelving location | Date acquired | Total Checkouts | Full call number | Barcode | Date last seen | Price effective from | Koha item type | Public note |
|---|---|---|---|---|---|---|---|---|---|---|---|---|---|---|---|
| AU LIBRARY | AU LIBRARY | Open Shelf | 24.06.2021 | LC192.4 .C665 2007 | 28002556 | 24.06.2021 | 24.06.2021 | Book | JE |